Pirates of the Caribbean: Dead Man's Chest Trivia - Statistics

General Stats
  • This quiz has been taken 2 times
  • The average score is 11 of 21
Answer Stats
Hint Answer % Correct
According to Davy Jones, how many souls is Jack Sparrow's worth? 100
100%
What is the punishment for engaging in piracy? Death
100%
While Jack was made a chief by the Pelogostos Tribe, his crew were put into hanging cages. What were the cages made out of? Human Bones
100%
What type of creature does Davy Jones unleash into the sea to capture Jack Sparrow? Kraken
100%
What is the name of Davy Jones' ship? The Flying Dutchman
100%
How much time at sea must pass before Davy Jones can go on land? 10 years
50%
What did Bootstrap Bill give Jack after telling him that his time was up? Black spot
50%
Part of the ____, Part of the ____ Crew, Ship
50%
What logo is seen on the bottom of a spice jar when Jack is trying to escape the cannibalistic tribe? East India Company
50%
Who does Jack give his compass to since it was not working for him? Elizabeth
50%
What does Jack say as he is about to become lunch via Davy Jones' creature? "Hello Beastie"
50%
What item does Beckett want Elizabeth, Will, Jack, or James to obtain for him? Jack's Compass
50%
While Jack and Gibbs are in Tortuga trying to muster up a crew, who pushes a table knocking Gibbs over? James Norrington
50%
Who arrested Will and Elizabeth on the day of their wedding? Lord Cutler Beckett
50%
After getting knocked out by getting smashed with a bottle, where does the above get thrown into? Pig Sty
50%
What is inside the chest? The Heart of Davy Jones
50%
Who finds and obtains the key that unlocks the chest? Will
50%
What did one of the crew members grab which caused a panic and caused the cage to fall, killing all of the people inside? a Snake
0%
Why is Davy Jones after Jack? He refused to transport slaves
0%
Along with the item in the chest, what did James Norrington take that would help him regain his military rank and old life? Letters of Marque/Clemency Papers
0%
What special weapon is mounted towards the bow of the ship above? Triple Guns/Triple Cannon
0%
No matching quizzes found
Score Distribution
Percent of People with Each Score
Percentile by Number Answered
Your Score History
You have not taken this quiz